Information feudalism : Who owns the knowledge economy ? (Record no. 42246)

MARC details
000 -LEADER
fixed length control field 00444nam a2200157Ia 4500
020 ## - INTERNATIONAL STANDARD BOOK NUMBER
ISBN 195664094
082 ## - DEWEY DECIMAL CLASSIFICATION NUMBER
Classification number 339.166.5
Item number DRA
100 ## - MAIN ENTRY--AUTHOR NAME
Personal name Brithwaite, John
245 #0 - TITLE STATEMENT
Title Information feudalism : Who owns the knowledge economy ?
260 ## - PUBLICATION, DISTRIBUTION, ETC. (IMPRINT)
Place of publication New Delhi
Name of publisher Oxford University Press
Year of publication 2002
650 ## - SUBJECT ADDED ENTRY--TOPICAL TERM
Topical Term GATT
650 ## - SUBJECT ADDED ENTRY--TOPICAL TERM
Topical Term Intellectual property rights
700 ## - ADDED ENTRY--PERSONAL NAME
Personal name Drahos, Peter
942 ## - ADDED ENTRY ELEMENTS (KOHA)
Koha item type Books
Holdings
Withdrawn status Lost status Damaged status Not for loan Home library Current library Date acquired Cost, normal purchase price Full call number Accession Number Koha item type
        RRII Library RRII Library 16/12/2021 495.00 339.166.5 DRA 22521 Books